000 01467nam a22003257a 4500
003 OSt
005 20250716155611.0
008 210224s2016 ck ao||er|||| 00| j spa d
020 _a9789588997247
037 _bDonación
040 _aCO-JMCR
_cCO-JMCR
_bspa
_dCO-JMCR
_erda
041 0 _aspa
082 0 4 _aJ-C
_bLOZb1
_223
100 1 _aLozano Rodríguez, Jessica Jaidyd,
_eautora
_913883
245 1 0 _aBogotá cuenta :
_buniversos de tierra y tiempo /
_cJessica Jaidyd Lozano Rodríguez [y otros 25] ; compilación y edición Mery Yolanda Sánchez ; fotografía Margarita Mejía
260 _a[Bogotá] :
_bIdartes,
_c2016 impresión
300 _a172 páginas :
_bilustraciones y fotografías a blanco y negro ;
_c24 cm.
500 _aIncluye datos biográficos de los autores.
520 3 _aRecopilación de narrativa y poesía que da cuenta de lo que los ciudadanos escriben, de lo que los inquieta, de las historias que quieren contar.
650 1 4 _aCuentos colombianos
_xcolecciones
_911546
650 2 4 _aPoesía colombiana
_vcolecciones
_ySiglo XXI
_913884
650 2 4 _aPoesía colombiana
_xcolecciones
_913885
650 2 4 _aLiteratura colombiana
_913886
650 2 4 _aVida cotidiana en la literatura
_913887
650 2 4 _aSueños en la literatura
_91789
650 2 4 _aPensamientos en la literatura
_913888
700 1 _aSánchez, Mery Yolanda,
_ecompilador
_913889
700 1 _aMejía, Margarita,
_efotógrafo
_913890
942 _2ddc
_cBK
999 _c30908
_d17292